Daňové priznanie - ako na to?
Daňová optimalizácia a daňové plánovanie. Inventúra daňových konaní, zabezpečenie interného odborníka. Daňová prevencia ako úžitok daňového subjektu z eliminovania daňových problémov. Praktické rady k zdaňovaniu, k daňovej úspore a k podaniu daňového priznania.
Salvato in:
| Autore principale: | |
|---|---|
| Natura: | Capitolo di libro |
| Lingua: | slovacco |
| Soggetti: | |
| Tags: |
Nessun Tag, puoi essere il primo ad aggiungerne!!
|
MARC
| LEADER | 00000naa$a2200000$$$4500 | ||
|---|---|---|---|
| 001 | 0111500 | ||
| 005 | 20231006123740.5 | ||
| 041 | 0 | |a slo | |
| 044 | |a SK | ||
| 245 | 1 | 0 | |a Daňové priznanie - ako na to? |c Emil Burák |
| 520 | |a Daňová optimalizácia a daňové plánovanie. Inventúra daňových konaní, zabezpečenie interného odborníka. Daňová prevencia ako úžitok daňového subjektu z eliminovania daňových problémov. Praktické rady k zdaňovaniu, k daňovej úspore a k podaniu daňového priznania. | ||
| 610 | 2 | 0 | |a dane |
| 610 | 2 | 0 | |a daňovníci |
| 610 | 2 | 0 | |a povinnosť daňová |
| 610 | 2 | 0 | |a priznania daňové |
| 610 | 2 | 0 | |a správa daňová |
| 610 | 2 | 0 | |a optimalizácia daňová |
| 610 | 2 | 0 | |a sankcie |
| 100 | 1 | |a Burák, Emil | |